[Event "GBR-ch77"]
[Site "Eastbourne"]
[Date "1990.08.06"]
[Round "7.15"]
[White "Jones, Andrew"]
[Black "Hawksworth, John C"]
[Result "1-0"]
[WhiteElo "2245"]
[BlackElo "2370"]
[PlyCount "71"]
[EventDate "1990.07.30"]
[EventType "swiss"]
[EventRounds "11"]
[EventCountry "GBR"]
[SourceTitle "BritBase"]

1. e4 e5 2. Nf3 Nc6 3. Bc4 Bc5 4. c3 Nf6 5. d3 a6 6. O-O d6 7. Bb3 Ba7 8. h3 h6
9. Nbd2 Be6 10. Re1 Qd7 11. Nf1 g5 12. Be3 Bxe3 13. Nxe3 O-O-O 14. Ba4 b5 15.
Bc2 Kb7 16. d4 exd4 17. Nxd4 Ne5 18. a4 Ra8 19. Qe2 c6 20. Red1 Qc7 21. Ndf5
Rad8 22. Qd2 d5 23. axb5 axb5 24. b4 Bxf5 25. Nxf5 Ra8 26. exd5 Nxd5 27. Be4
Rxa1 28. Rxa1 Rd8 29. Qa2 Qb6 30. Nd6+ Kc7 31. Bxd5 Rxd6 32. Bxf7 Rf6 33. Bh5
Nd3 34. Bf3 Ne5 35. Qe2 Nxf3+ 36. gxf3 1-0

[Event "GBR-ch77"]
[Site "Eastbourne"]
[Date "1990.08.06"]
[Round "7.16"]
[White "Rayner, Francis"]
[Black "Summerscale, Aaron"]
[Result "1-0"]
[WhiteElo "2230"]
[BlackElo "2315"]
[PlyCount "49"]
[EventDate "1990.07.30"]
[EventType "swiss"]
[EventRounds "11"]
[EventCountry "GBR"]
[SourceTitle "BritBase"]

1. e4 g6 2. Nc3 Bg7 3. h4 h5 4. d4 c6 5. Be3 d5 6. Qd2 Nf6 7. e5 Ng4 8. O-O-O
Nxe3 9. Qxe3 Bg4 10. Be2 Bxe2 11. Ncxe2 e6 12. f4 Nd7 13. Nf3 Qc7 14. Ng5 Nb6
15. Kb1 Nc4 16. Qc3 Bf8 17. Nc1 c5 18. Ne4 cxd4 19. Nf6+ Kd8 20. Qxd4 Qb6 21.
Qxc4 Rc8 22. Qa4 Rc6 23. Nb3 Be7 24. Nd4 Rc7 25. Qb5 1-0

[Event "GBR-ch77"]
[Site "Eastbourne"]
[Date "1990.08.06"]
[Round "7.17"]
[White "Basman, Michael J"]
[Black "Wall, Timothy"]
[Result "1-0"]
[WhiteElo "2370"]
[BlackElo "2270"]
[PlyCount "51"]
[EventDate "1990.07.30"]
[EventType "swiss"]
[EventRounds "11"]
[EventCountry "GBR"]
[SourceTitle "BritBase"]

1. h3 e5 2. a3 d5 3. c4 c6 4. cxd5 cxd5 5. g4 Nc6 6. Bg2 Be6 7. d3 Nge7 8. Nc3
Ng6 9. Nf3 Be7 10. g5 f5 11. gxf6 gxf6 12. Rg1 Qd7 13. h4 h5 14. Qa4 O-O-O 15.
b4 b6 16. Bd2 Kb8 17. b5 Na5 18. Na2 Nb7 19. Nb4 Bxb4 20. axb4 Nd6 21. Bh3 Bxh3
22. Rxg6 Rhg8 23. Rxf6 Rg7 24. Bg5 Qc8 25. Rc1 Rc7 26. Rc6 1-0

[Event "GBR-ch77"]
[Site "Eastbourne"]
[Date "1990.08.06"]
[Round "7.18"]
[White "Findlay, Ian T"]
[Black "Coleman, David"]
[Result "0-1"]
[WhiteElo "2340"]
[BlackElo "2235"]
[PlyCount "64"]
[EventDate "1990.07.30"]
[EventType "swiss"]
[EventRounds "11"]
[EventCountry "GBR"]
[SourceTitle "BritBase"]

1. e4 c5 2. Nf3 d6 3. d4 cxd4 4. Nxd4 Nf6 5. Nc3 a6 6. Be2 e5 7. Nb3 Be7 8. Be3
Be6 9. O-O O-O 10. Qd2 Nbd7 11. a4 Re8 12. Rfd1 Qc8 13. a5 Qc6 14. f3 Rec8 15.
Kh1 h6 16. Nc1 Qc7 17. Nb3 Bf8 18. Bf1 Qc6 19. Rac1 b5 20. axb6 Nxb6 21. Na5
Qc7 22. Ra1 Qb8 23. Bd3 d5 24. exd5 Nbxd5 25. Nxd5 Bxd5 26. c3 e4 27. fxe4 Nxe4
28. Qc2 Qe5 29. Qe2 Bd6 30. Bg1 Ng3+ 31. hxg3 Qxg3 32. Bh7+ Kh8 0-1

[Event "GBR-ch77"]
[Site "Eastbourne"]
[Date "1990.08.06"]
[Round "7.20"]
[White "Cavendish, James"]
[Black "McLaren, Leonard"]
[Result "1-0"]
[WhiteElo "2325"]
[BlackElo "2205"]
[PlyCount "47"]
[EventDate "1990.07.30"]
[EventType "swiss"]
[EventRounds "11"]
[EventCountry "GBR"]
[SourceTitle "BritBase"]

1. Nf3 d5 2. d4 Nf6 3. Bg5 e6 4. e3 Be7 5. Nbd2 Ne4 6. Bxe7 Qxe7 7. Bd3 Nxd2 8.
Qxd2 Nd7 9. e4 dxe4 10. Bxe4 c5 11. O-O-O Nf6 12. Bd3 Bd7 13. Qg5 Rc8 14. Ne5
O-O 15. Qh4 h6 16. g4 Bc6 17. Rhg1 Nd5 18. g5 cxd4 19. gxh6 g6 20. Rg5 Qf6 21.
Nxg6 fxg6 22. Rxg6+ Qxg6 23. Bxg6 Nf4 24. Qe7 1-0

[Event "GBR-ch77"]
[Site "Eastbourne"]
[Date "1990.08.06"]
[Round "7.23"]
[White "Parker, Jonathan"]
[Black "Bibby, Simon"]
[Result "1-0"]
[WhiteElo "2355"]
[BlackElo "2280"]
[PlyCount "58"]
[EventDate "1990.07.30"]
[EventType "swiss"]
[EventRounds "11"]
[EventCountry "GBR"]
[SourceTitle "BritBase"]

1. d4 Nf6 2. c4 g6 3. Nc3 Bg7 4. e4 d6 5. Nf3 O-O 6. Be2 e5 7. Be3 exd4 8. Nxd4
Re8 9. f3 c6 10. Qd2 d5 11. exd5 cxd5 12. O-O dxc4 13. Ndb5 Nc6 14. Qxd8 Rxd8
15. Rfd1 Bf5 16. Bxc4 Nd7 17. Bg5 Rf8 18. Nd6 Bc2 19. Rd2 Nd4 20. Ncb5 h6 21.
Be7 Nxb5 22. Bxb5 Bxb2 23. Rf1 Ne5 24. Bxf8 Kxf8 25. Rxc2 Bd4+ 26. Kh1 a6 27.
Be2 b5 28. f4 Nd7 29. Rd1 Be3 1-0

[Event "GBR-ch77"]
[Site "Eastbourne"]
[Date "1990.08.06"]
[Round "7.28"]
[White "Franklin, Chris"]
[Black "Lewis, Andrew P"]
[Result "0-1"]
[WhiteElo "2275"]
[BlackElo "2315"]
[PlyCount "76"]
[EventDate "1990.07.30"]
[EventType "swiss"]
[EventRounds "11"]
[EventCountry "GBR"]
[SourceTitle "BritBase"]

1. g3 e5 2. Bg2 d5 3. Nf3 f6 4. O-O Be6 5. d3 Qd7 6. Nbd2 c6 7. e4 d4 8. Nh4 c5
9. f4 Nc6 10. a4 O-O-O 11. Nc4 Bd6 12. f5 Bxc4 13. dxc4 Nge7 14. Rf2 Bc7 15.
Ra3 Kb8 16. Bd2 Nc8 17. Rd3 Ba5 18. Bxa5 Nxa5 19. b3 Nc6 20. g4 Nb4 21. Rg3 Na2
22. Bf3 Nc3 23. Qd3 Nd6 24. g5 fxg5 25. Rxg5 Qe7 26. Rg4 Qf6 27. Ng2 g5 28.
fxg6 hxg6 29. Qf1 Rdf8 30. Ne1 Qe6 31. Qg2 Rf6 32. Nd3 b6 33. Rg5 Nb7 34. Rg3
Rg8 35. Bg4 Qe7 36. Rxf6 Qxf6 37. Rf3 Qe7 38. Qg3 Ne2+ 0-1

[Event "GBR-ch77"]
[Site "Eastbourne"]
[Date "1990.08.06"]
[Round "7.30"]
[White "Giddins, Stephen W"]
[Black "Morrison, Chris"]
[Result "1/2-1/2"]
[WhiteElo "2305"]
[BlackElo "2250"]
[PlyCount "33"]
[EventDate "1990.07.30"]
[EventType "swiss"]
[EventRounds "11"]
[EventCountry "GBR"]
[SourceTitle "BritBase"]
[Source "John Saunders"]
[SourceDate "2024.08.29"]
[SourceVersion "1"]
[SourceVersionDate "2024.08.29"]
[SourceQuality "1"]

1. d4 Nf6 2. Nf3 d6 3. c4 Nbd7 4. Nc3 e5 5. e4 Be7 6. Be2 O-O 7. O-O c6 8. Re1 a6 9. Bf1 b5 10. a3 h6 11. b4 Qc7 12. Bb2 Re8 13. Rc1 Qb8 14. cxb5 cxb5 15. Nd5 Nxd5 16. exd5 e4 17. Rxe4 {Source: Steve Giddins} 1/2-1/2

[Event "GBR-ch77"]
[Site "Eastbourne"]
[Date "1990.08.06"]
[Round "7.36"]
[White "Milligan, Helen"]
[Black "Clarke, Thomas M"]
[Result "1-0"]
[WhiteElo "2035"]
[BlackElo "2215"]
[PlyCount "63"]
[EventDate "1990.07.30"]
[EventType "swiss"]
[EventRounds "11"]
[EventCountry "GBR"]
[SourceTitle "BritBase"]

1. e4 e6 2. d4 d5 3. exd5 exd5 4. Nf3 Bg4 5. Be2 Bd6 6. Ne5 Bxe2 7. Qxe2 Qe7 8.
Nc3 c6 9. Bf4 Nd7 10. Nd3 Bxf4 11. Nxf4 Ngf6 12. Qxe7+ Kxe7 13. f3 h5 14. h4
Kd6 15. O-O-O b5 16. Rde1 Rae8 17. a4 b4 18. Nd1 g6 19. Nf2 b3 20. cxb3 Rb8 21.
Re3 Rb4 22. Rd1 Rhb8 23. Kc2 Nb6 24. Ne2 Nfd7 25. Red3 f5 26. Nf4 Nf8 27. N2h3
a5 28. Ng5 c5 29. dxc5+ Kxc5 30. Rc3+ Nc4 31. bxc4 Rxb2+ 32. Kd3 1-0

[Event "GBR-ch77"]
[Site "Eastbourne"]
[Date "1990.08.07"]
[Round "8.1"]
[White "Adams, Michael"]
[Black "Mestel, A Jonathan"]
[Result "1/2-1/2"]
[WhiteElo "2590"]
[BlackElo "2505"]
[PlyCount "82"]
[EventDate "1990.07.30"]
[EventType "swiss"]
[EventRounds "11"]
[EventCountry "GBR"]
[SourceTitle "BritBase"]

1. e4 c5 2. Nf3 d6 3. d4 cxd4 4. Nxd4 Nf6 5. Nc3 g6 6. g3 Bg7 7. Bg2 O-O 8. O-O
Bg4 9. f3 Bd7 10. Be3 Nc6 11. Qd2 Rc8 12. a4 a6 13. Rf2 Qc7 14. Nd5 Nxd5 15.
exd5 Ne5 16. b3 Qc3 17. Ra2 e6 18. dxe6 fxe6 19. h3 Qxd2 20. Rxd2 Rc3 21. Kf2
d5 22. Ne2 Rcc8 23. Bd4 g5 24. Ke3 Rf7 25. Ra1 Be8 26. f4 gxf4+ 27. Nxf4 Bd7
28. Re1 Rf5 29. Ke2 Bh6 30. Be3 Bg7 31. Kd1 Nc6 32. Rf1 Nb4 33. Nd3 Rxf1+ 34.
Bxf1 Na2 35. Nc5 Nc3+ 36. Ke1 Bc6 37. Bd4 Bxd4 38. Rxd4 e5 39. Rg4+ Kf7 40. Rh4
Kg6 41. Kd2 Nb1+ 1/2-1/2

[Event "GBR-ch77"]
[Site "Eastbourne"]
[Date "1990.08.07"]
[Round "8.3"]
[White "Conquest, Stuart"]
[Black "Emms, John M"]
[Result "0-1"]
[WhiteElo "2460"]
[BlackElo "2430"]
[PlyCount "88"]
[EventDate "1990.07.30"]
[EventType "swiss"]
[EventRounds "11"]
[EventCountry "GBR"]
[SourceTitle "BritBase"]

1. d4 Nf6 2. c4 e6 3. Nc3 Bb4 4. e3 b6 5. Bd3 Bb7 6. Nf3 Ne4 7. Qc2 Bxc3+ 8.
bxc3 f5 9. a4 Ng5 10. Nxg5 Qxg5 11. f3 Qh4+ 12. Qf2 Qxf2+ 13. Kxf2 Nc6 14. Ba3
Ba6 15. Ke2 Na5 16. c5 Bxd3+ 17. Kxd3 bxc5 18. Bxc5 d5 19. Rab1 Kd7 20. e4 Nc4
21. Rhe1 Rhe8 22. Rb3 Rab8 23. Reb1 Rxb3 24. Rxb3 a6 25. Rb1 h5 26. h3 h4 27.
Rb3 g5 28. Rb1 Rg8 29. Re1 fxe4+ 30. fxe4 g4 31. exd5 exd5 32. Re7+ Kc6 33.
Re6+ Kb7 34. hxg4 Rxg4 35. Re2 Rg3+ 36. Kc2 Rxg2 37. Rxg2 Ne3+ 38. Kd2 Nxg2 39.
Ke2 h3 40. Kf3 Nf4 41. Kg3 Ne2+ 42. Kxh3 Nxc3 43. a5 Kc6 44. Kg4 Kb5 0-1

[Event "GBR-ch77"]
[Site "Eastbourne"]
[Date "1990.08.07"]
[Round "8.4"]
[White "Wells, Peter K"]
[Black "Plaskett, H James"]
[Result "0-1"]
[WhiteElo "2415"]
[BlackElo "2445"]
[PlyCount "90"]
[EventDate "1990.07.30"]
[EventType "swiss"]
[EventRounds "11"]
[EventCountry "GBR"]
[SourceTitle "BritBase"]

1. d4 Nf6 2. c4 e6 3. Nf3 c5 4. Nc3 cxd4 5. Nxd4 a6 6. Bg5 Qc7 7. e3 Be7 8. Be2
O-O 9. O-O b6 10. Bf3 Bb7 11. Rc1 Rc8 12. b3 d6 13. Bxb7 Qxb7 14. Bxf6 Bxf6 15.
f4 g6 16. f5 exf5 17. Nd5 Be5 18. Qf3 Ra7 19. Nxf5 gxf5 20. Qxf5 Qd7 21. Qg5+
Kh8 22. Nxb6 Qd8 23. Qf5 Rc5 24. Nd5 Nc6 25. Rf3 a5 26. Rcf1 Nb4 27. h3 f6 28.
Nf4 Bxf4 29. Qxf4 Rf7 30. Rd1 Re5 31. c5 Rxc5 32. e4 Re5 33. a3 Nc6 34. Rfd3
Rd7 35. b4 axb4 36. axb4 Nxb4 37. Rb3 Nc6 38. Rdb1 Qe7 39. Rb6 Nd8 40. R1b4 Rc7
41. Rb3 Ne6 42. Rb8+ Kg7 43. Qg4+ Rg5 44. Qf3 Rc1+ 45. Kh2 Nd4 0-1

[Event "GBR-ch77"]
[Site "Eastbourne"]
[Date "1990.08.07"]
[Round "8.5"]
[White "Suba, Mihai"]
[Black "Arkell, Keith C"]
[Result "1-0"]
[WhiteElo "2520"]
[BlackElo "2430"]
[PlyCount "113"]
[EventDate "1990.07.30"]
[EventType "swiss"]
[EventRounds "11"]
[EventCountry "GBR"]
[SourceTitle "BritBase"]

1. d4 Nf6 2. c4 e6 3. Nc3 Bb4 4. e3 b6 5. Nge2 Ba6 6. Qa4 c5 7. a3 Bxc3+ 8.
Nxc3 O-O 9. dxc5 bxc5 10. Be2 Qb6 11. O-O d5 12. cxd5 Bxe2 13. Nxe2 exd5 14. b4
Nbd7 15. Bb2 Rfb8 16. Bxf6 Nxf6 17. bxc5 Qxc5 18. Rac1 Qe7 19. Rc2 Rc8 20.
Rxc8+ Rxc8 21. h3 h6 22. Qa6 Rb8 23. Rc1 Qb7 24. Qd3 Qb2 25. g4 a5 26. Rc2 Qa1+
27. Kg2 Qe5 28. Nd4 Qe4+ 29. Qxe4 Nxe4 30. Nf5 Rb3 31. Rc8+ Kh7 32. Rc7 Kg8 33.
Ne7+ Kf8 34. Nxd5 g6 35. Rc4 f5 36. Rc8+ Kf7 37. Rc7+ Ke8 38. gxf5 gxf5 39.
Re7+ Kf8 40. Re5 Nd6 41. a4 Kg7 42. Re7+ Kg8 43. Re6 Nc4 44. Rxh6 Ra3 45. Ne7+
Kf7 46. Nxf5 Rxa4 47. Ra6 Nd2 48. Nd4 Ra2 49. Nf3 Ne4 50. Ne5+ Kg7 51. Ng4 a4
52. h4 Nc5 53. Ra7+ Kg6 54. Ra5 Rc2 55. Kg3 Rc3 56. f4 a3 57. Kf3 1-0

[Event "GBR-ch77"]
[Site "Eastbourne"]
[Date "1990.08.07"]
[Round "8.6"]
[White "McDonald, Neil R"]
[Black "Hodgson, Julian M"]
[Result "0-1"]
[WhiteElo "2350"]
[BlackElo "2555"]
[PlyCount "138"]
[EventDate "1990.07.30"]
[EventType "swiss"]
[EventRounds "11"]
[EventCountry "GBR"]
[SourceTitle "BritBase"]

1. e4 c6 2. d4 d5 3. Nd2 dxe4 4. Nxe4 Nd7 5. Ng5 Ngf6 6. Bd3 e6 7. N1f3 Bd6 8.
Qe2 h6 9. Ne4 Nxe4 10. Qxe4 Nf6 11. Qe2 b6 12. Bd2 Qc7 13. O-O-O Bb7 14. Rhe1
O-O-O 15. Ba6 b5 16. Bxb7+ Kxb7 17. Kb1 Ka8 18. Rc1 Rb8 19. c4 bxc4 20. Rxc4
Rb5 21. Qd3 Rhb8 22. b3 R8b6 23. Kc2 Ra6 24. a4 Rf5 25. Rc5 Bxc5 26. Qxa6 Bb6
27. Re5 Rxe5 28. Nxe5 Ne4 29. Bf4 g5 30. f3 gxf4 31. fxe4 f6 32. Nf3 Kb8 33. b4
Qg7 34. Qe2 e5 35. Qd2 Qg6 36. dxe5 fxe5 37. Kd3 Kb7 38. Qb2 Bc7 39. b5 Qd6+
40. Ke2 Qc5 41. bxc6+ Kxc6 42. Qb3 Kd6 43. Nh4 h5 44. Nf5+ Kc6 45. Kd3 a6 46.
Qc4 Kb6 47. Kc3 Qg1 48. Qb4+ Ka7 49. Kc4 Qxg2 50. Qc5+ Kb8 51. Qf8+ Kb7 52.
Qb4+ Ka8 53. Kc5 Qxh2 54. Qb3 Qg1+ 55. Kc6 Qc1+ 56. Kd7 Qc5 57. Qe6 Qb6 58.
Qe8+ Bb8 59. Qe6 Qxe6+ 60. Kxe6 Kb7 61. Kd5 Kb6 62. Kc4 Kc6 63. Nh4 Ba7 64. Nf3
Bd4 65. Kb4 Kc7 66. Kc4 Kd6 67. Kb4 Bb6 68. Kc4 Bd8 69. Kb4 h4 0-1

[Event "GBR-ch77"]
[Site "Eastbourne"]
[Date "1990.08.07"]
[Round "8.7"]
[White "Norwood, David"]
[Black "Murshed, Niaz"]
[Result "0-1"]
[WhiteElo "2515"]
[BlackElo "2465"]
[PlyCount "100"]
[EventDate "1990.07.30"]
[EventType "swiss"]
[EventRounds "11"]
[EventCountry "GBR"]
[SourceTitle "BritBase"]

1. g3 d5 2. Bg2 Nf6 3. d3 c6 4. Nd2 e5 5. Ngf3 Bd6 6. O-O O-O 7. c4 Bg4 8. h3
Be6 9. b3 e4 10. Nd4 e3 11. fxe3 Bxg3 12. Bb2 Nh5 13. Nxe6 fxe6 14. Rxf8+ Qxf8
15. Qf1 Qe8 16. Bf3 Nd7 17. Qg2 Be5 18. d4 Bc7 19. Rf1 Kh8 20. e4 Nf4 21. Qh2
dxe4 22. Bxe4 Qh5 23. Kh1 Nd5 24. Qg2 Ne3 25. Qf3 Nxf1 26. Nxf1 Qh4 27. Qg2 Rf8
28. Bf3 Nf6 29. Bc3 h6 30. a4 Qf4 31. Bb4 Rf7 32. e3 Qf5 33. Nd2 Qd3 34. Qe2
Qxe2 35. Bxe2 a6 36. Kg2 Kg8 37. e4 Bf4 38. e5 Bxd2 39. Bxd2 Nd7 40. Bh5 Rf8
41. Bg4 Re8 42. Bc3 Kf7 43. Kf3 g6 44. h4 b5 45. axb5 axb5 46. Ke3 bxc4 47.
bxc4 Ra8 48. Bb4 Ra4 49. Bd6 Nb6 50. c5 Nd5+ 0-1

[Event "GBR-ch77"]
[Site "Eastbourne"]
[Date "1990.08.07"]
[Round "8.8"]
[White "Watson, William N"]
[Black "Jones, Andrew"]
[Result "1-0"]
[WhiteElo "2495"]
[BlackElo "2245"]
[PlyCount "61"]
[EventDate "1990.07.30"]
[EventType "swiss"]
[EventRounds "11"]
[EventCountry "GBR"]
[SourceTitle "BritBase"]

1. e4 c5 2. Nf3 e6 3. d4 cxd4 4. Nxd4 Nf6 5. Nc3 Nc6 6. Nxc6 bxc6 7. e5 Nd5 8.
Ne4 Qc7 9. f4 Qb6 10. c4 Bb4+ 11. Ke2 f5 12. exf6 Nxf6 13. Be3 Qa5 14. Nxf6+
gxf6 15. Kf2 Ke7 16. Bd3 Bc5 17. Re1 Qb6 18. Rb1 Bb7 19. Qh5 Bxe3+ 20. Rxe3 Qd4
21. g3 c5 22. b3 Rac8 23. Rd1 Qd6 24. f5 e5 25. Be4 Qc7 26. Qh6 Rcg8 27. Bxb7
Qxb7 28. Red3 Qc6 29. Rxd7+ Qxd7 30. Rxd7+ Kxd7 31. Qxf6 1-0

[Event "GBR-ch77"]
[Site "Eastbourne"]
[Date "1990.08.07"]
[Round "8.9"]
[White "Rayner, Francis"]
[Black "Flear, Glenn C"]
[Result "0-1"]
[WhiteElo "2230"]
[BlackElo "2485"]
[PlyCount "78"]
[EventDate "1990.07.30"]
[EventType "swiss"]
[EventRounds "11"]
[EventCountry "GBR"]
[SourceTitle "BritBase"]

1. e4 e5 2. Nf3 Nc6 3. Bb5 a6 4. Ba4 Nf6 5. O-O Nxe4 6. d4 b5 7. Bb3 d5 8. dxe5
Be6 9. Nbd2 Nc5 10. h3 Be7 11. c3 d4 12. Bxe6 Nxe6 13. cxd4 Ncxd4 14. a4 O-O
15. axb5 axb5 16. Rxa8 Qxa8 17. Nxd4 Nxd4 18. Nb3 Ne6 19. Qd7 Qa4 20. Qxe7 Qxb3
21. f4 f5 22. exf6 Rxf6 23. f5 Qd5 24. Qe8+ Nf8 25. Qb8 Qc5+ 26. Kh1 Qc4 27.
Kg1 h6 28. Bf4 Qc5+ 29. Kh2 Rxf5 30. Rc1 Qb4 31. Bxc7 Qxb2 32. Re1 Kh7 33. Be5
Qd2 34. Bg3 Ng6 35. Rb1 Qd3 36. Rb4 Rf1 37. Qd6 Qc2 38. Rxb5 Qc1 39. Be5 Qe1
0-1

[Event "GBR-ch77"]
[Site "Eastbourne"]
[Date "1990.08.07"]
[Round "8.10"]
[White "Howell, James C"]
[Black "Morris, Philip"]
[Result "0-1"]
[WhiteElo "2415"]
[BlackElo "2380"]
[PlyCount "80"]
[EventDate "1990.07.30"]
[EventType "swiss"]
[EventRounds "11"]
[EventCountry "GBR"]
[SourceTitle "BritBase"]

1. e4 e5 2. Nf3 Nc6 3. Bb5 a6 4. Ba4 Nf6 5. O-O Be7 6. Re1 b5 7. Bb3 d6 8. c3
O-O 9. h3 Na5 10. Bc2 c5 11. d4 Nd7 12. Nbd2 cxd4 13. cxd4 Nc6 14. Nb3 a5 15.
Be3 a4 16. Nbd2 exd4 17. Nxd4 Nxd4 18. Bxd4 Ne5 19. Nf1 Be6 20. Ne3 Bf6 21. f4
Nc4 22. Nxc4 Bxc4 23. b3 axb3 24. axb3 Rxa1 25. Qxa1 Be6 26. Rd1 Bxd4+ 27. Qxd4
Qc7 28. Rd2 f6 29. Qxd6 Qxd6 30. Rxd6 Rc8 31. Bd3 Bxb3 32. Bxb5 Rc5 33. Rb6 Bc4
34. Ba4 Rc7 35. Kf2 Kf8 36. Ke3 Ke7 37. Kd4 Bf1 38. Rb2 Rc4+ 39. Kd5 Rxa4 40.
Rb7+ Kf8 0-1

[Event "GBR-ch77"]
[Site "Eastbourne"]
[Date "1990.08.07"]
[Round "8.11"]
[White "McNab, Colin Anderson"]
[Black "Ward, Christopher R"]
[Result "1/2-1/2"]
[WhiteElo "2385"]
[BlackElo "2460"]
[PlyCount "119"]
[EventDate "1990.07.30"]
[EventType "swiss"]
[EventRounds "11"]
[EventCountry "GBR"]
[SourceTitle "BritBase"]

1. Nf3 c5 2. c4 Nc6 3. g3 e5 4. d3 g6 5. Bg5 f6 6. Bd2 Nge7 7. Nc3 Bg7 8. Bg2
d6 9. a3 a5 10. O-O Be6 11. Ne1 O-O 12. Nc2 d5 13. cxd5 Nxd5 14. b4 axb4 15.
Nxd5 Bxd5 16. Bxd5+ Qxd5 17. axb4 Rxa1 18. Qxa1 cxb4 19. Nxb4 Nxb4 20. Bxb4 Rc8
21. Rc1 Rxc1+ 22. Qxc1 h5 23. Qc8+ Kh7 24. Qc7 Kh6 25. h4 Qc6 26. Qf7 Qc8 27.
e4 Kh7 28. Kg2 Kh6 29. Qd5 Kh7 30. Be7 Qc6 31. Bc5 f5 32. f3 Qb5 33. exf5 gxf5
34. Qd6 Qb2+ 35. Bf2 Qb3 36. Qd7 Kg6 37. g4 fxg4 38. fxg4 hxg4 39. Qxg4+ Kh7
40. Qf5+ Kg8 41. h5 Qf7 42. Qg5 Qf4 43. Qxf4 exf4 44. Bb6 Kh7 45. Kf3 Kh6 46.
Kg4 f3 47. Be3+ Kh7 48. Kxf3 b5 49. Bd2 Bf8 50. d4 b4 51. Ke2 b3 52. Kd1 Bg7
53. d5 Be5 54. Kc1 b2+ 55. Kc2 Kg7 56. Bb4 Kh6 57. Ba3 Kxh5 58. Bxb2 Bxb2 59.
Kxb2 Kg6 60. d6 1/2-1/2

[Event "GBR-ch77"]
[Site "Eastbourne"]
[Date "1990.08.07"]
[Round "8.12"]
[White "Tozer, Richard"]
[Black "Hebden, Mark"]
[Result "1-0"]
[WhiteElo "2285"]
[BlackElo "2520"]
[PlyCount "63"]
[EventDate "1990.07.30"]
[EventType "swiss"]
[EventRounds "11"]
[EventCountry "GBR"]
[SourceTitle "BritBase"]

1. d4 Nf6 2. c4 c5 3. d5 b5 4. cxb5 a6 5. bxa6 g6 6. Nc3 Bxa6 7. f4 Bg7 8. Nf3
Qa5 9. Bd2 Qb6 10. e4 Bxf1 11. Rxf1 O-O 12. e5 Ne8 13. Qe2 Nc7 14. Kf2 d6 15.
Kg1 Nba6 16. f5 Qxb2 17. Rab1 Qa3 18. Rb3 Qa5 19. f6 exf6 20. exf6 Rfe8 21. Qf2
c4 22. Rb7 Bh8 23. Nb5 Qxb5 24. Rxb5 Nxb5 25. Qh4 c3 26. Ng5 h5 27. Bc1 Nc5 28.
g4 Ra4 29. Rf4 Nd4 30. gxh5 Ne2+ 31. Kf1 Nxc1 32. Rxa4 1-0

[Event "GBR-ch77"]
[Site "Eastbourne"]
[Date "1990.08.07"]
[Round "8.13"]
[White "Walker, David"]
[Black "Martin, Andrew D"]
[Result "1/2-1/2"]
[WhiteElo "2325"]
[BlackElo "2415"]
[PlyCount "153"]
[EventDate "1990.07.30"]
[EventType "swiss"]
[EventRounds "11"]
[EventCountry "GBR"]
[SourceTitle "BritBase"]

1. d4 Nf6 2. c4 c5 3. d5 b5 4. Bg5 Ne4 5. Bf4 e6 6. Nd2 Qf6 7. e3 Nxd2 8. Qxd2
e5 9. Bg3 b4 10. Bd3 d6 11. Ne2 g6 12. O-O Bg7 13. a3 Na6 14. axb4 Nxb4 15. Nc3
O-O 16. e4 Qe7 17. Na2 Rb8 18. Nxb4 Rxb4 19. Qc2 Qb7 20. Rfb1 Bh6 21. b3 f5 22.
f3 Be3+ 23. Kh1 Bd4 24. Ra3 Qe7 25. Be1 Rb8 26. Qa2 Rf7 27. b4 fxe4 28. Bxe4
cxb4 29. Bxb4 Bf5 30. Bxf5 gxf5 31. Rab3 Re8 32. Qa6 Rf6 33. Be1 Rg6 34. Rb8
Bb6 35. Rxe8+ Qxe8 36. Ba5 Bxa5 37. Qxa5 Rg7 38. c5 dxc5 39. Qxc5 Rd7 40. Qc6
Qe7 41. Re1 Qd6 42. Qxd6 Rxd6 43. Rxe5 a5 44. Kg1 Kg7 45. Rxf5 a4 46. Re5 Ra6
47. Re1 a3 48. Kf2 Kf6 49. Ke3 Ke5 50. Kd3+ Kxd5 51. Kc3 h5 52. Kb3 Kd4 53. Ka2
Kd3 54. Re4 Ra5 55. g3 Rf5 56. Rh4 Ke3 57. g4 hxg4 58. fxg4 Rg5 59. Kxa3 Kf4
60. h3 Rb5 61. Ka4 Rb1 62. Rh5 Rb2 63. g5 Kf5 64. h4 Kg6 65. Rh6+ Kg7 66. Ka5
Rb1 67. h5 Rf1 68. Rg6+ Kf7 69. Kb4 Rf5 70. Kc4 Re5 71. Kd4 Ra5 72. Ke4 Ra4+
73. Kd5 Ra5+ 74. Kd4 Ra4+ 75. Kc5 Ra5+ 76. Kb6 Rf5 77. Rf6+ 1/2-1/2

[Event "GBR-ch77"]
[Site "Eastbourne"]
[Date "1990.08.07"]
[Round "8.14"]
[White "Coleman, David"]
[Black "Basman, Michael J"]
[Result "1-0"]
[WhiteElo "2235"]
[BlackElo "2370"]
[PlyCount "79"]
[EventDate "1990.07.30"]
[EventType "swiss"]
[EventRounds "11"]
[EventCountry "GBR"]
[SourceTitle "BritBase"]

1. e4 h6 2. d4 a6 3. Bd3 c5 4. Ne2 g5 5. c3 Qc7 6. dxc5 e6 7. b4 d6 8. cxd6
Bxd6 9. Na3 Nd7 10. Nc4 Be7 11. a4 Ngf6 12. Bb2 b6 13. Qb3 Bb7 14. Nd2 Ne5 15.
Bc2 O-O-O 16. Nd4 Rd7 17. f3 Kb8 18. Rc1 Rhd8 19. O-O g4 20. f4 Nf3+ 21. N2xf3
gxf3 22. Nxf3 Qxf4 23. c4 Ng4 24. Rce1 Bf6 25. Bc1 Bd4+ 26. Kh1 Qc7 27. Re2 f5
28. exf5 exf5 29. Bxf5 Rg7 30. Bxg4 Rxg4 31. a5 bxa5 32. bxa5 Bc5 33. Ne5 Rxg2
34. Rxg2 Rg8 35. Nf3 Rxg2 36. Kxg2 Qg7+ 37. Kh1 Qg4 38. Bxh6 Ka7 39. Qd3 Be4
40. Qe2 1-0

[Event "GBR-ch77"]
[Site "Eastbourne"]
[Date "1990.08.07"]
[Round "8.15"]
[White "Ledger, Andrew"]
[Black "Cavendish, James"]
[Result "1-0"]
[WhiteElo "2350"]
[BlackElo "2325"]
[PlyCount "79"]
[EventDate "1990.07.30"]
[EventType "swiss"]
[EventRounds "11"]
[EventCountry "GBR"]
[SourceTitle "BritBase"]

1. d4 Nf6 2. g3 c5 3. Nf3 cxd4 4. Nxd4 g6 5. Bg2 Bg7 6. O-O O-O 7. c4 Nc6 8.
Nxc6 bxc6 9. Qa4 Qb6 10. Nc3 Rb8 11. Bf4 d6 12. Bxc6 Bh3 13. Rfc1 Ng4 14. Nd1
Bxb2 15. c5 Qd8 16. Nxb2 Rxb2 17. Qa3 Rxe2 18. Bf3 Re6 19. cxd6 exd6 20. Rab1
g5 21. Bd2 Qf6 22. Rb4 Ne5 23. Bd5 Re7 24. f4 gxf4 25. Rxf4 Qg6 26. Be4 Qg7 27.
Rh4 Ng6 28. Bc3 f6 29. Bxg6 Qxg6 30. Rxh3 Qd3 31. Qb3+ d5 32. Be1 Qf5 33. g4
Qg5 34. Rd1 Rfe8 35. Bh4 Qe5 36. Qxd5+ Qxd5 37. Rxd5 Re2 38. Ra5 R8e4 39. Rxa7
Rc4 40. Rf3 1-0

[Event "GBR-ch77"]
[Site "Eastbourne"]
[Date "1990.08.07"]
[Round "8.16"]
[White "Muir, Andrew Joseph"]
[Black "Buckley, Graeme"]
[Result "1-0"]
[WhiteElo "2310"]
[BlackElo "2225"]
[PlyCount "59"]
[EventDate "1990.07.30"]
[EventType "swiss"]
[EventRounds "11"]
[EventCountry "GBR"]
[SourceTitle "BritBase"]

1. d4 Nf6 2. c4 g6 3. Nc3 Bg7 4. e4 d6 5. f3 O-O 6. Be3 Nc6 7. Nge2 a6 8. Qd2
Rb8 9. Nc1 e5 10. d5 Nd4 11. N1e2 c5 12. dxc6 Nxc6 13. Nc1 Be6 14. Nb3 Na5 15.
Nd5 Nxd5 16. cxd5 Nxb3 17. axb3 Bd7 18. Be2 f5 19. O-O Kh8 20. Rfc1 fxe4 21.
fxe4 Rc8 22. Rc4 Qh4 23. Bf3 Qe7 24. Rac1 Bf6 25. Rc7 Rb8 26. Bg4 Rfd8 27. Rf1
Bh4 28. g3 Bxg4 29. Rxe7 Bxe7 30. Bg5 1-0

[Event "GBR-ch77"]
[Site "Eastbourne"]
[Date "1990.08.07"]
[Round "8.17"]
[White "Sadler, Matthew D"]
[Black "Lewis, Andrew P"]
[Result "0-1"]
[WhiteElo "2470"]
[BlackElo "2315"]
[PlyCount "70"]
[EventDate "1990.07.30"]
[EventType "swiss"]
[EventRounds "11"]
[EventCountry "GBR"]
[SourceTitle "BritBase"]

1. d4 Nf6 2. c4 g6 3. Nc3 Bg7 4. e4 d6 5. Be2 O-O 6. Be3 e5 7. d5 c6 8. g4 cxd5
9. cxd5 a6 10. h4 b5 11. g5 Nfd7 12. h5 Nb6 13. Nf3 N8d7 14. b4 a5 15. Nxb5
axb4 16. Nxd6 Na4 17. Nxc8 Qxc8 18. Nd2 Nc3 19. Qc2 Rd8 20. Bc4 gxh5 21. Rxh5
Nf8 22. f3 Ng6 23. Kf2 Bf8 24. Rah1 Bc5 25. Nf1 Bd4 26. Bb3 Nxa2 27. Qxc8 Rdxc8
28. Bxd4 exd4 29. Nd2 Rc3 30. d6 Nc1 31. Bd5 Ra7 32. Rxh7 Rc2 33. Ke1 Nd3+ 34.
Kd1 Rc1+ 35. Ke2 Ngf4# 0-1